[Event "Lliga Catalana eq. DH"]
[Site "?"]
[Date "2014.03.29"]
[Round "10.3"]
[White "Marques Taltavull, A."]
[Black "Vallverdu Miret, O."]
[Result "1/2-1/2"]
[WhiteElo "2134"]
[BlackElo "2080"]
[PlyCount "134"]
[EventDate "2014.??.??"]
[EventType "team"]
[EventCountry "ESP"]

1. Nf3 d5 2. c4 c6 3. b3 Nf6 4. g3 g6 5. Bb2 Bg7 6. Bg2 O-O 7. O-O Bf5 8. d3
Re8 9. Nbd2 Nbd7 10. cxd5 cxd5 11. Nh4 Be6 12. Rc1 Nb6 13. Rc2 Rc8 14. Rxc8
Qxc8 15. Qa1 Nh5 16. Rc1 Qb8 17. d4 Rc8 18. Rc5 Nf6 19. Nhf3 Bg4 20. Qc1 Bxf3
21. Nxf3 e6 22. Rxc8+ Qxc8 23. Ne5 Qxc1+ 24. Bxc1 Bf8 25. f3 Nfd7 26. Nxd7 Nxd7
27. e4 Bg7 28. Be3 Nf6 29. h3 Kf8 30. g4 h6 31. Kf2 Ke7 32. Bd2 Nd7 33. Ke3 Nb8
34. Bb4+ Kd7 35. Bf1 g5 36. Bc3 a6 37. Bb4 Nc6 38. Bc5 Kc7 39. e5 Kd7 40. f4 f6
41. exf6 gxf4+ 42. Kxf4 Bxf6 43. Ke3 Bg5+ 44. Kd3 Be7 45. Bxe7 Kxe7 46. a3 Kf6
47. Ke3 Kg5 48. b4 Nb8 49. b5 a5 50. Kf3 Nd7 51. Kg3 Nb6 52. h4+ Kf6 53. Kf4
Nc8 54. g5+ hxg5+ 55. hxg5+ Ke7 56. Ke5 Nd6 57. Bd3 b6 58. a4 Nc4+ 59. Kf4 Kf7
60. Kf3 Ke7 61. Kf4 Kf7 62. Kf3 Nb2 63. Bc2 Nc4 64. Bd3 Kg7 65. Kf4 Kf7 66. Kf3
Nd2+ 67. Kf4 Nc4 1/2-1/2

[Event "Lliga Catalana eq. DH"]
[Site "?"]
[Date "2014.03.29"]
[Round "10.3"]
[White "Travesset Ribera, J."]
[Black "Cuadras Avellana, J."]
[Result "1/2-1/2"]
[WhiteElo "2320"]
[BlackElo "2374"]
[PlyCount "51"]
[EventDate "2014.??.??"]
[EventType "team"]
[EventCountry "ESP"]

1. d4 Nf6 2. Bg5 e6 3. Nd2 d5 4. e3 c5 5. c3 Nbd7 6. f4 Be7 7. Bd3 b6 8. a4 a6
9. Nh3 Bb7 10. Nf2 c4 11. Bc2 b5 12. axb5 axb5 13. O-O O-O 14. Qf3 Re8 15. Qh3
Nf8 16. Bxf6 Bxf6 17. e4 dxe4 18. Ndxe4 (18. Bxe4 $142) 18... Be7 19. f5 exf5
20. Qxf5 Qd5 21. Qxd5 Bxd5 22. Rae1 Ne6 23. Nd1 Nc7 24. Ne3 Be6 25. Bb1 h6 26.
Nf5 1/2-1/2

[Event "Lliga Catalana eq. DH"]
[Site "?"]
[Date "2014.03.29"]
[Round "10.4"]
[White "Gonzales Perez, JA."]
[Black "Castellet Giralt, G."]
[Result "1-0"]
[WhiteElo "2242"]
[BlackElo "2293"]
[PlyCount "79"]
[EventDate "2014.??.??"]
[EventType "team"]
[EventCountry "ESP"]

1. e4 c5 2. c3 Nf6 3. e5 Nd5 4. Bc4 Nb6 5. Bb3 c4 6. Bc2 Nc6 7. Nf3 Qc7 8. Qe2
g5 9. h3 Bg7 10. O-O Nxe5 11. Nxg5 h6 12. Nf3 d6 13. a4 Be6 14. Nd4 Bd5 15. a5
Nbd7 16. f4 Nd3 17. Nf5 Bf6 18. Ne3 Be4 19. Na3 d5 20. Nb5 Qc5 21. Na3 Rg8 22.
Kh2 Qc7 23. g3 N7c5 24. Nb5 Qd7 25. Nd4 O-O-O 26. b4 Nxc1 27. Rfxc1 Nd3 28. Ba4
Qc7 29. Nb5 Qb8 30. Nxc4 Rxg3 31. Nxa7+ Qxa7 32. Nb6+ Qxb6 33. axb6 Nxc1 34.
Bc6 Rg2+ 35. Qxg2 bxc6 36. Qg1 Nd3 37. b7+ Kc7 38. Ra8 Rb8 39. Rxb8 Kxb8 40.
Qb6 1-0

[Event "Lliga Catalana eq. DH"]
[Site "?"]
[Date "2014.03.29"]
[Round "10.4"]
[White "Lillo Castany, V."]
[Black "Castelltort Fernandez, A."]
[Result "1-0"]
[WhiteElo "2359"]
[BlackElo "2345"]
[PlyCount "133"]
[EventDate "2014.??.??"]
[EventType "team"]
[EventCountry "ESP"]

1. e4 c5 2. Nf3 Nc6 3. Bb5 e5 4. O-O Bd6 5. c3 Nge7 6. d4 cxd4 7. cxd4 exd4 8.
Nxd4 a6 9. Ba4 O-O 10. Nc3 Be5 11. Be3 b5 12. Bc2 Bb7 13. Nxc6 Bxc6 14. Qh5 Bc7
(14... d6) 15. Rad1 Bb6 16. Bg5 f6 17. e5 g6 18. Bb3+ Kh8 19. exf6 gxh5 20.
fxe7 Qc7 (20... Qe8) 21. exf8=Q+ Rxf8 22. Nd5 Bxd5 23. Rxd5 d6 24. Bd2 Ba5 (
24... b4) 25. Be3 Bb6 26. Bd2 Ba5 27. Bh6 Rf6 (27... Re8) 28. Rc1 (28. Bg5)
28... Rxh6 29. Rxc7 Bxc7 30. Rg5 Rg6 31. Rxh5 Bb6 32. Kf1 Rf6 33. f3 Bd4 34.
Bc2 h6 35. b3 Kg7 36. Ke2 Re6+ 37. Be4 Re5 38. Rxe5 dxe5 39. Kd3 a5 40. Bc6 b4
41. f4 Kf6 42. Ke4 Bc3 43. f5 Be1 44. Bd7 Bf2 45. Be6 Be1 46. Bd7 Bf2 47. g3
Be1 48. Kf3 Bd2 49. Ke4 Be1 50. Bb5 Bf2 51. Bd3 Be1 52. Kf3 Bd2 53. Ke4 Be1 54.
Kd5 Bf2 55. Kc6 Bg1 56. h3 Bh2 57. g4 e4 58. Bxe4 h5 59. gxh5 Kg5 60. Kd7 Be5
61. Ke6 Bd4 62. Bf3 Bc3 63. Be2 Bd4 64. h4+ Kh6 65. f6 Bc5 66. Kd7 Bd4 67. f7
1-0

[Event "Lliga Catalana eq. DH"]
[Site "?"]
[Date "2014.03.29"]
[Round "10.4"]
[White "Soler Rionegro, A."]
[Black "Avila Jimenez, X."]
[Result "0-1"]
[WhiteElo "2079"]
[BlackElo "2307"]
[PlyCount "43"]
[EventDate "2014.??.??"]
[EventType "team"]
[EventCountry "ESP"]

1. e4 d5 2. exd5 Qxd5 3. Nc3 Qd6 4. h3 Nf6 5. Nf3 Nc6 6. Bc4 Bf5 7. d3 a6 8. a3
O-O-O 9. Bg5 h6 10. Be3 e6 11. Qe2 Nd5 12. Bd2 Nb6 13. Bb3 Be7 14. O-O-O Kb8
15. Rhe1 Rhe8 16. Ne4 Qd7 17. Bc3 Bf8 18. Ne5 Nxe5 19. Bxe5 Nd5 20. f3 Bg6 21.
Bc3 Bd6 22. Rd2 0-1

[Event "Lliga Catalana eq. DH"]
[Site "?"]
[Date "2014.03.29"]
[Round "10.5"]
[White "Bru Rull, L."]
[Black "Cervello Tost, F."]
[Result "1/2-1/2"]
[WhiteElo "2263"]
[BlackElo "2232"]
[PlyCount "88"]
[EventDate "2014.??.??"]
[EventType "team"]
[EventCountry "ESP"]

1. e4 c6 2. d4 d5 3. Nc3 dxe4 4. Nxe4 Bf5 5. Nc5 b6 6. Nb3 Nf6 7. Nf3 e6 8. g3
Be7 9. Bg2 O-O 10. O-O a5 11. a4 Nd5 12. c3 Nd7 13. Qe2 Qc7 14. Rd1 Rfe8 15.
Ne5 Nxe5 16. dxe5 Rad8 17. Nd4 Bg6 18. h4 h6 19. Bd2 Bc5 20. Rac1 Ne7 21. h5
Bh7 22. Bf4 Nd5 23. Qg4 Kh8 24. Rd2 Re7 25. Rcd1 Red7 26. Kh2 Bxd4 27. Rxd4 Bc2
28. R1d2 Bf5 29. Qh4 Qc8 30. Bxd5 c5 31. Bxe6 Bxe6 32. Rd6 Rxd6 33. exd6 Rd7
34. Be5 Qc6 35. Qf4 Kh7 36. Re2 Qd5 37. Rd2 Qc6 38. Re2 Qd5 39. Rd2 Qc6 40. f3
f6 41. Bxf6 gxf6 42. Qxf6 Bf7 43. Qf5+ Kg7 44. Qe5+ Kg8 1/2-1/2

[Event "Lliga Catalana eq. DH"]
[Site "?"]
[Date "2014.03.29"]
[Round "10.5"]
[White "Subirats Ruiz, S."]
[Black "Vives Esmerat, J."]
[Result "0-1"]
[WhiteElo "2294"]
[BlackElo "2369"]
[PlyCount "124"]
[EventDate "2014.??.??"]
[EventType "team"]
[EventCountry "ESP"]

1. e4 e5 2. Nf3 Nc6 3. Bc4 Nf6 4. d3 Be7 5. O-O O-O 6. Re1 d6 7. c3 h6 8. Nbd2
Nh7 9. d4 Ng5 10. d5 Nb8 11. Nf1 Bg4 12. Bxg5 Bxg5 13. h3 Bd7 14. Ng3 g6 15.
Qc2 Kg7 16. b4 a5 17. a4 b6 18. b5 Bc8 19. Re2 Nd7 20. Ne1 h5 21. Nd3 h4 22.
Nf1 Nf6 23. f4 exf4 24. e5 dxe5 25. Nxe5 Bf5 26. Qd1 Nh5 27. Nh2 Qd6 28. Nhf3
Bf6 29. Bd3 Ng3 30. Re1 Rae8 31. Bxf5 Nxf5 32. Ng4 Rxe1+ 33. Qxe1 Qc5+ 34. Qf2
Qxc3 35. Re1 Rd8 36. Nxf6 Qxf6 37. Re5 Ne3 38. Qa2 Qd6 39. Qa1 f6 40. Re6 Qxe6
41. dxe6 Rd1+ 42. Qxd1 Nxd1 43. Nxh4 g5 44. Nf5+ Kf8 45. h4 gxh4 46. Nxh4 Ke7
47. Ng6+ Kxe6 48. Nxf4+ Ke5 49. Ng6+ Kd6 50. Nf4 Nc3 51. Nh5 Ke5 52. Ng7 Nxa4
53. Ne8 Nc3 54. Nxc7 a4 55. Na6 a3 56. Nb4 a2 57. Nc2 Nxb5 58. Kf2 Nd4 59. Na1
b5 60. Ke3 b4 61. Kd3 b3 62. Kc3 Kf4 0-1

[Event "Lliga Catalana eq. DH"]
[Site "?"]
[Date "2014.03.29"]
[Round "10.6"]
[White "Serra Fontova, F."]
[Black "Valencia Jimenez, J."]
[Result "0-1"]
[WhiteElo "2276"]
[BlackElo "2221"]
[PlyCount "100"]
[EventDate "2014.??.??"]
[EventType "team"]
[EventCountry "ESP"]

1. e4 g6 2. d4 Bg7 3. Nc3 c6 4. Nf3 d5 5. h3 dxe4 6. Nxe4 Nd7 7. Bc4 Ngf6 8.
Nxf6+ Nxf6 9. O-O O-O 10. a4 b6 11. Re1 Bb7 12. Bf4 e6 13. Qe2 Nd5 14. Bg3 c5
15. Rad1 cxd4 16. Nxd4 Qf6 17. Ba6 Bxa6 18. Qxa6 Nf4 19. c3 h5 20. Ne2 e5 21.
Bxf4 exf4 22. Nd4 g5 23. Qb5 Rac8 24. f3 Rc5 25. Qd7 Rd8 26. Re8+ Rxe8 27.
Qxe8+ Bf8 28. Re1 Kg7 29. Qd7 Re5 30. Re4 Bc5 31. b4 Bxd4+ 32. cxd4 Rxe4 33.
fxe4 f3 34. gxf3 Qxf3 35. Qd5 Qg3+ 36. Kf1 Qxh3+ 37. Ke2 Qg4+ 38. Kd2 Qf4+ 39.
Kc3 h4 40. e5 h3 41. e6 Qe3+ 42. Kc2 fxe6 43. Qd7+ Kf6 44. Qd8+ Kf5 45. Qh8 Kg4
46. a5 Kg3 47. a6 h2 48. Qa8 Qf3 49. Qxa7 h1=Q 50. Qc7+ Kg4 0-1

[Event "Lliga Catalana eq. DH"]
[Site "?"]
[Date "2014.03.29"]
[Round "10.6"]
[White "Vigoa Apecheche, Y."]
[Black "Pueyo Burrell, D."]
[Result "1-0"]
[WhiteElo "2321"]
[BlackElo "2293"]
[PlyCount "81"]
[EventDate "2014.??.??"]
[EventType "team"]
[EventCountry "ESP"]

1. d4 g6 2. c4 Nf6 3. g3 Bg7 4. Bg2 O-O 5. Nc3 d6 6. Nf3 c6 7. O-O Qa5 8. h3
Nbd7 9. e4 e5 10. dxe5 dxe5 11. Be3 Rd8 12. Qc2 Nf8 13. c5 Ne6 14. Rfd1 Rxd1+
15. Rxd1 Nd7 16. a3 Ndf8 17. Na4 Bd7 18. b4 Qc7 19. Nb2 b5 20. cxb6 (20. Rd6)
20... axb6 21. a4 c5 22. b5 Rc8 23. Nd2 Nd4 24. Bxd4 cxd4 25. Qxc7 Rxc7 26.
Ndc4 Rb7 27. f4 f6 28. fxe5 fxe5 29. Nd3 Be6 30. Ndxe5 Nd7 31. Nd6 Rc7 32. Nc6
Bb3 33. Rf1 d3 34. Ne8 d2 (34... Rb7) 35. Bf3 Ne5 36. Bd1 Bxd1 37. Rxd1 Rc8 38.
Ne7+ Kf7 39. Nxc8 Kxe8 40. Nxb6 Bh6 41. Kf1 1-0

[Event "Lliga Catalana eq. DH"]
[Site "?"]
[Date "2014.03.29"]
[Round "10.7"]
[White "Vives Jaume, O."]
[Black "Ezquerro Luque, A."]
[Result "0-1"]
[WhiteElo "2213"]
[BlackElo "2201"]
[PlyCount "82"]
[EventDate "2014.??.??"]
[EventType "team"]
[EventCountry "ESP"]

1. d4 d6 2. Nf3 g6 3. c4 Bg7 4. g3 Nd7 5. Bg2 e5 6. Nc3 Ne7 7. O-O O-O 8. h3 h6
9. e4 f5 10. dxe5 dxe5 11. exf5 gxf5 12. Nd5 Ng6 13. Ne1 c6 14. Qh5 Kh7 15. Nc3
Nf6 16. Qe2 Be6 17. b3 Qc7 18. Bb2 Rad8 19. Nc2 e4 20. Rfd1 Ne5 21. Ne1 Bf7 22.
Rxd8 Rxd8 23. Qe3 Nd3 24. Nxd3 Rxd3 25. Qe2 Bh5 26. g4 Nxg4 27. hxg4 Bxg4 28.
Qe1 Qf4 29. Ne2 Bxe2 30. Bxg7 Qg4 31. Be5 f4 32. Bxf4 Bf3 33. Bg3 h5 34. Bxf3
Rxf3 35. Qd2 e3 36. Qd3+ Kg7 37. Kh2 exf2 38. Qd6 f1=Q 39. Rxf1 Rxf1 40. Be5+
Kg8 41. Qd8+ Rf8 0-1

[Event "Lliga Catalana eq. DH"]
[Site "?"]
[Date "2014.03.29"]
[Round "10.8"]
[White "Serra Pages, J."]
[Black "Gonzalez Hernandez, F."]
[Result "1/2-1/2"]
[WhiteElo "2291"]
[BlackElo "2267"]
[PlyCount "83"]
[EventDate "2014.??.??"]
[EventType "team"]
[EventCountry "ESP"]

1. d4 d5 2. c4 e6 3. Nf3 Nf6 4. Nc3 Be7 5. Bg5 h6 6. Bh4 O-O 7. e3 Ne4 8. Bxe7
Qxe7 9. cxd5 Nxc3 10. bxc3 exd5 11. Be2 c5 12. O-O Nc6 13. Qa4 Bf5 14. dxc5
Qxc5 15. Nd4 Be4 16. Nxc6 Qxc6 17. Qxc6 bxc6 18. Bf3 Bxf3 19. gxf3 Rab8 20.
Rfb1 Rfc8 21. Kf1 Kf8 22. Ke2 Ke7 23. Kd3 Kd6 24. Rb3 Kc5 (24... c5) 25. Rg1 g6
26. Rg4 Rb6 27. Ra4 Rc7 28. Ra5+ Kd6 29. c4 dxc4+ 30. Kxc4 Rcb7 31. f4 Ke6 32.
Re5+ Kf6 33. Re8 Rd7 34. Rc8 Ra6 35. Rb2 Kf5 36. f3 Ra3 37. Re8 Ra4+ 38. Kc5
Kf6 39. Re4 Ra3 40. Kb4 Ra6 41. Re5 Rb6+ 42. Kc3 {resto ilegible} 1/2-1/2

[Event "Lliga Catalana eq. DH"]
[Site "?"]
[Date "2014.03.29"]
[Round "10.9"]
[White "Anguera Maestro, J."]
[Black "Colls Gelaberto, E."]
[Result "1-0"]
[WhiteElo "2263"]
[BlackElo "2270"]
[PlyCount "67"]
[EventDate "2014.??.??"]
[EventType "team"]
[EventCountry "ESP"]

1. d4 Nf6 2. c4 g6 3. Nc3 Bg7 4. e4 d6 5. Nf3 O-O 6. Be2 e5 7. O-O exd4 8. Nxd4
Nc6 9. Be3 Re8 10. f3 Nh5 11. f4 Nf6 12. Bf3 Ng4 13. Bxg4 Bxd4 14. Bxd4 Bxg4
15. Qd2 Be6 16. b3 f5 17. exf5 Bxf5 18. Nd5 Kf7 19. Bb2 Re4 20. Rae1 Qh4 21.
Qc3 Rxe1 22. Rxe1 $6 (22. Qg7+ $142 $1 Ke8 23. Nf6+) 22... Rg8 23. Nf6 Rd8 24.
g3 Qh6 25. Ne4 Bxe4 26. Qf6+ Kg8 27. Rxe4 Rf8 28. Qe6+ Rf7 29. Qc8+ Rf8 30.
Qxb7 Nd8 31. Qd5+ Nf7 32. Re7 c6 33. Qd4 g5 34. Re6 1-0

[Event "Lliga Catalana eq. DH"]
[Site "?"]
[Date "2014.03.29"]
[Round "10.9"]
[White "Garcia Acosta, R."]
[Black "Lopez Forn, M."]
[Result "0-1"]
[WhiteElo "2184"]
[BlackElo "2176"]
[PlyCount "70"]
[EventDate "2014.??.??"]
[EventType "team"]
[EventCountry "ESP"]

1. e4 d6 2. d4 Nf6 3. Nc3 g6 4. Be3 Bg7 5. Qd2 O-O 6. Bh6 c5 7. Nf3 cxd4 8.
Nxd4 Nc6 9. Bxg7 Kxg7 10. h4 Qa5 11. Nb3 Qe5 12. O-O-O Be6 13. f4 Qh5 14. Bd3
Rac8 15. Rdf1 Rfd8 16. f5 Bxb3 17. axb3 Qh6 18. Qxh6+ Kxh6 19. Nd5 Nxd5 20.
exd5 Ne5 21. Be4 Rc5 22. fxg6 hxg6 23. g4 Kg7 24. h5 Nxg4 25. hxg6 fxg6 26. Rf4
Nf6 27. Rg1 Nxe4 28. Rxe4 Rd7 29. c4 b5 30. Reg4 Rdc7 31. Rxg6+ Kf7 32. Rg7+
Ke8 33. Rh1 Rxd5 34. Kb1 bxc4 35. bxc4 Rxc4 0-1

[Event "Lliga Catalana eq. DH"]
[Site "?"]
[Date "2014.03.29"]
[Round "10.10"]
[White "Garcia Castellote, O."]
[Black "Garcia Playa, D."]
[Result "1/2-1/2"]
[WhiteElo "2171"]
[BlackElo "2168"]
[PlyCount "77"]
[EventDate "2014.??.??"]
[EventType "team"]
[EventCountry "ESP"]

1. e4 c6 2. d4 d5 3. Nc3 dxe4 4. Nxe4 Bf5 5. Ng3 Bg6 6. h4 h6 7. Nf3 Nd7 8. h5
Bh7 9. Bd3 Bxd3 10. Qxd3 e6 11. Bd2 Ngf6 12. O-O-O Be7 13. Kb1 O-O 14. Ne4 Nxe4
15. Qxe4 Nf6 16. Qe2 Qd5 17. Be3 Ng4 18. Bc1 Rfd8 19. Ne5 Nxe5 20. dxe5 Qa5 21.
g4 Rxd1 22. Rxd1 Rd8 23. Rg1 Rd5 24. f4 Qb6 25. Rg3 Qd4 26. c3 Qd1 27. Qxd1
Rxd1 28. Kc2 Rd5 29. c4 Rd4 30. b3 a6 31. Be3 Rd7 32. Bb6 Kh7 33. Rd3 Rxd3 34.
Kxd3 g6 35. a4 Kg7 36. Ke4 gxh5 37. gxh5 Kf8 38. f5 Bg5 39. fxe6 1/2-1/2

[Event "Lliga Catalana eq. DH"]
[Site "?"]
[Date "2014.03.29"]
[Round "10.10"]
[White "Parals Marce, L."]
[Black "Delisau Gil, O."]
[Result "1/2-1/2"]
[WhiteElo "2101"]
[BlackElo "2233"]
[PlyCount "29"]
[EventDate "2014.??.??"]
[EventType "team"]
[EventCountry "ESP"]

1. d4 d5 2. Nf3 Nf6 3. e3 c5 4. b3 Nc6 5. Bb2 Bg4 6. Nbd2 e6 7. Bd3 Bd6 8. O-O
O-O 9. h3 Bh5 10. c4 cxd4 11. exd4 Bg6 12. Bxg6 hxg6 13. c5 Bc7 14. Re1 Nd7 15.
a3 1/2-1/2

[Event "Lliga Catalana eq. DH"]
[Site "?"]
[Date "2014.04.05"]
[Round "11.1"]
[White "Cordova Daza, E."]
[Black "Cruz Sanchez, C."]
[Result "1/2-1/2"]
[WhiteElo "2568"]
[BlackElo "2593"]
[PlyCount "25"]
[EventDate "2014.??.??"]
[EventType "team"]
[EventCountry "ESP"]

1. Nf3 Nf6 2. g3 b6 3. Bg2 Bb7 4. O-O c5 5. c4 g6 6. d4 cxd4 7. Qxd4 Bg7 8. Nc3
d6 9. Rd1 Nbd7 10. Be3 Rc8 11. Rac1 O-O 12. Qh4 a6 13. b3 1/2-1/2

[Event "Lliga Catalana eq. DH"]
[Site "?"]
[Date "2014.04.05"]
[Round "11.1"]
[White "Cuartas Medina, JA."]
[Black "Zurano Lopez, P."]
[Result "1-0"]
[WhiteElo "2537"]
[BlackElo "2412"]
[PlyCount "77"]
[EventDate "2014.??.??"]
[EventType "team"]
[EventCountry "ESP"]

1. e4 e5 2. Nf3 Nc6 3. Bb5 a6 4. Bxc6 dxc6 5. d4 exd4 6. Qxd4 Qxd4 7. Nxd4 Bd6
8. Nc3 Ne7 9. Be3 c5 10. Nde2 Be6 11. Bf4 f6 12. O-O-O O-O-O 13. h4 Rhe8 14. f3
Bf7 15. Rd2 Nc6 16. Bxd6 cxd6 17. Rhd1 Kc7 18. Nf4 Ne7 19. g4 g5 20. Ng2 h5 21.
Ne3 hxg4 22. Rh1 gxh4 23. fxg4 Rh8 24. Rf2 Rh7 25. Rxf6 h3 26. g5 Rg8 27. Rh6
Rxh6 28. gxh6 Be6 29. Ncd5+ Nxd5 30. Nxd5+ Kd8 31. Nf4 Bg4 32. Nxh3 Bf3 33. h7
Re8 34. Rh2 Bxe4 35. Ng5 Bxh7 36. Rxh7 Kc8 37. Nf7 Kc7 38. Ne5+ Kb8 39. Nc4 1-0

[Event "Lliga Catalana eq. DH"]
[Site "?"]
[Date "2014.04.05"]
[Round "11.1"]
[White "De la Riva Aguado, O."]
[Black "Cruz Sanchez, JE."]
[Result "1-0"]
[WhiteElo "2553"]
[BlackElo "2541"]
[PlyCount "93"]
[EventDate "2014.??.??"]
[EventType "team"]
[EventCountry "ESP"]

1. e4 e5 2. Nf3 Nc6 3. d4 exd4 4. Nxd4 d6 5. g3 Nxd4 6. Qxd4 Be7 7. Nc3 Bf6 8.
Qd3 Ne7 9. Bg2 O-O 10. Be3 Be6 11. f4 b5 12. Nxb5 Bxb2 13. Rb1 Bf6 14. c4 d5
15. cxd5 c6 16. Nc7 Qxc7 17. dxe6 Qa5+ 18. Bd2 Qxa2 19. exf7+ Qxf7 20. Ba5 Kh8
21. O-O Qa2 22. Bc7 Rac8 23. Rb7 Ng6 24. e5 Qf7 25. exf6 Rxc7 26. fxg7+ Qxg7
27. Rxc7 Qxc7 28. Qc3+ Qg7 29. Qxc6 Qd4+ 30. Kh1 a5 31. Be4 Rf6 32. Qa8+ Rf8
33. Qc6 Rf6 34. Qc2 Rd6 35. Bf3 Qd3 36. Qb2+ Qd4 37. Qb1 Rb6 38. Qc1 Rf6 39.
Rd1 Qf2 40. Qc3 Kg7 41. Bg2 Nxf4 42. gxf4 Qxf4 43. Qxa5 Kh6 44. Qc3 Qg5 45. Be4
Qh4 46. Qe3+ Qf4 47. Qh3+ 1-0

[Event "Lliga Catalana eq. DH"]
[Site "?"]
[Date "2014.04.05"]
[Round "11.1"]
[White "Jerez Perez, A."]
[Black "Oratovsky, M."]
[Result "1/2-1/2"]
[WhiteElo "2444"]
[BlackElo "2533"]
[PlyCount "22"]
[EventDate "2014.??.??"]
[EventType "team"]
[EventCountry "ESP"]

1. e4 c5 2. Nf3 Nc6 3. d4 cxd4 4. Nxd4 g6 5. Nc3 Bg7 6. Nb3 Nf6 7. Be2 O-O 8.
O-O d6 9. Bg5 Bd7 10. Kh1 a6 11. f4 Rc8 1/2-1/2

[Event "Lliga Catalana eq. DH"]
[Site "?"]
[Date "2014.04.05"]
[Round "11.1"]
[White "Narciso Dublan, M."]
[Black "Movsziszian, K."]
[Result "0-1"]
[WhiteElo "2544"]
[BlackElo "2544"]
[PlyCount "122"]
[EventDate "2014.??.??"]
[EventType "team"]
[EventCountry "ESP"]

1. d4 d6 2. Nf3 g6 3. c4 Bg7 4. Nc3 Nf6 5. e4 O-O 6. Be2 e5 7. d5 a5 8. Bg5 Na6
9. Nd2 Qe8 10. O-O Kh8 11. a3 Bd7 12. b3 Ng8 13. Qb1 f5 14. f3 c5 15. dxc6 bxc6
16. Na4 c5 17. Nb6 Rb8 18. Nxd7 Qxd7 19. Qd3 Nc7 20. Be3 Ne6 21. Rfd1 Ne7 22.
Rab1 f4 23. Bf2 Nc6 24. Rb2 Ned4 25. Nb1 a4 26. Nc3 axb3 27. Nb5 h5 28. Rdb1 g5
29. h3 Bf6 30. Bd1 Rg8 31. Kf1 Rg7 32. Bxb3 Ra8 33. Bd1 Qe6 34. Be1 Bd8 35. Rc1
Qh6 36. Bf2 g4 37. Nxd4 exd4 38. e5 gxh3 39. gxh3 Qe6 40. Qe4 Rxa3 41. Rb3 Rxb3
42. Bxb3 Qxh3+ 43. Ke2 Nxe5 44. Bc2 Re7 45. Qa8 Nxf3+ 46. Be4 d3+ 47. Kxd3 Nd4+
48. Kd2 Re8 49. Rh1 Ba5+ 50. Qxa5 Nb3+ 51. Kc2 Nxa5 52. Rxh3 Rxe4 53. Rxh5+ Kg7
54. Rd5 Re2+ 55. Kd3 Rxf2 56. Rxd6 Nb3 57. Rc6 f3 58. Rc7+ Kg6 59. Ke3 Rf1 60.
Rc6+ Kf5 61. Rc8 Ke6 0-1

[Event "Lliga Catalana eq. DH"]
[Site "?"]
[Date "2014.04.05"]
[Round "11.1"]
[White "Vidarte Morales, A."]
[Black "Fluvia Poyatos, Joan"]
[Result "1/2-1/2"]
[WhiteElo "2408"]
[BlackElo "2554"]
[PlyCount "241"]
[EventDate "2014.??.??"]
[EventType "team"]
[EventCountry "ESP"]

1. c4 Nf6 2. Nc3 e5 3. g3 Bc5 4. Nf3 d6 5. Bg2 O-O 6. O-O h6 7. d3 a6 8. a3 Nc6
9. b4 Ba7 10. Bb2 Re8 11. e3 Bg4 12. h3 Bh5 13. Qc2 Qd7 14. Nd2 Nd8 15. Kh2 c6
16. Nde4 Nxe4 17. Nxe4 f5 18. Nc3 Ne6 19. Rae1 f4 20. g4 Bg6 21. Ne4 Ng5 22.
exf4 exf4 23. Nxg5 hxg5 24. Be4 Bxe4 25. dxe4 Qe6 26. Qd3 b5 27. cxb5 axb5 28.
Qc3 Re7 29. Qxc6 Rc8 30. Qxb5 Rc2 31. Re2 Rxe2 32. Qxe2 Qxe4 33. Qxe4 Rxe4 34.
Kg2 Re2 35. Bc1 Ra2 36. h4 gxh4 37. Bxf4 d5 38. Bg5 h3+ 39. Kxh3 Bxf2 40. Rd1
Rxa3+ 41. Kg2 Bb6 42. Rxd5 Rb3 43. Rb5 Bc7 44. Bh4 Bd6 45. Be1 Kf7 46. Rb6 Be5
47. g5 g6 48. Rc6 Rb1 49. Kf2 Rb3 50. Bd2 Bg3+ 51. Ke2 Bh4 52. Rf6+ Kg7 53. Rf3
Rb1 54. Rh3 Bxg5 55. Bxg5 Rxb4 56. Bd2 Ra4 57. Bc3+ Kf7 58. Kd3 g5 59. Rh6 Rf4
60. Bd4 g4 61. Ke3 Rf1 62. Ke2 Rf4 63. Be3 Ra4 64. Kf2 Ra3 65. Rb6 g3+ 66. Kf3
g2 67. Rb1 Ke6 68. Rg1 Ra2 69. Bf2 Ra3+ 70. Kxg2 Kf5 71. Rd1 Ke4 72. Rd4+ Ke5
73. Rb4 Kd5 74. Bb6 Rc3 75. Kf2 Rc4 76. Rb1 Ke4 77. Rb2 Ra4 78. Ke2 Rc4 79. Be3
Ra4 80. Rb8 Ra2+ 81. Bd2 Ke5 82. Rh8 Ra3 83. Rh4 Kd5 84. Be3 Rb3 85. Kf3 Rb5
86. Rd4+ Ke5 87. Rd3 Rb4 88. Ra3 Rb5 89. Ra4 Rd5 90. Rh4 Kf5 91. Rh6 Re5 92.
Rh8 Rd5 93. Rf8+ Ke6 94. Ke4 Re5+ 95. Kf4 Rh5 96. Ra8 Rh4+ 97. Kf3 Rb4 98. Ra6+
Kf5 99. Ra5+ Ke6 100. Bf4 Rb3+ 101. Kg4 Rb4 102. Re5+ Kf6 103. Rd5 Re4 104. Rh5
Ke6 105. Rc5 Rd4 106. Re5+ Kd6 107. Re1+ Kd5 108. Kf5 Kc4 109. Be5 Rh4 110. Rd1
Rh5+ 111. Ke4 Rh4+ 112. Bf4 Kc5 113. Rc1+ Kb4 114. Ke5 Rh5+ 115. Kd4 Rh4 116.
Rf1 Rg4 117. Rf3 Rh4 118. Kd5 Rh5+ 119. Be5 Rg5 120. Rh3 Rf5 121. Kd4 1/2-1/2

[Event "Lliga Catalana eq. DH"]
[Site "?"]
[Date "2014.04.05"]
[Round "11.2"]
[White "Agrest, E."]
[Black "Delorme, Axel"]
[Result "1-0"]
[WhiteElo "2593"]
[BlackElo "2479"]
[PlyCount "75"]
[EventDate "2014.??.??"]
[EventType "team"]
[EventCountry "ESP"]

1. d4 d5 2. c4 e6 3. Nc3 c5 4. e3 Nf6 5. Nf3 a6 6. dxc5 Bxc5 7. a3 O-O 8. b4
Bd6 9. Bb2 dxc4 10. Bxc4 b5 11. Bd3 Bb7 12. O-O Qe7 13. Ng5 h6 14. Nf3 Nbd7 15.
h3 Rfd8 16. Qe2 Rac8 17. Rac1 Nb6 18. Nb1 e5 19. e4 Nh5 20. g3 Qe6 21. Kh2 Nf6
22. Rfd1 Na4 23. Ba1 Nd7 24. Nc3 Nxc3 25. Bxc3 Nb6 26. Ba1 Bb8 27. Bb1 Rxd1 28.
Rxd1 Nc4 29. Rd3 Ba7 30. Nh4 Nd6 31. Ba2 Nc4 32. Nf5 Qf6 33. Rd7 Rb8 34. Bxc4
bxc4 35. Rd6 Qg5 36. h4 Qc1 37. Qg4 g5 38. hxg5 1-0

[Event "Lliga Catalana eq. DH"]
[Site "?"]
[Date "2014.04.05"]
[Round "11.2"]
[White "Gonzalez Perez, A."]
[Black "Rizouk, A."]
[Result "1/2-1/2"]
[WhiteElo "2567"]
[BlackElo "2534"]
[PlyCount "75"]
[EventDate "2014.??.??"]
[EventType "team"]
[EventCountry "ESP"]

1. e4 e5 2. Nf3 Nc6 3. d4 exd4 4. Nxd4 Nf6 5. Nxc6 bxc6 6. e5 Qe7 7. Qe2 Nd5 8.
c4 Nb6 9. Nc3 a5 10. f4 a4 11. Qe4 Ba6 12. Bd3 Qb4 13. a3 Qb3 14. f5 Nxc4 15.
Bc2 Qb6 16. e6 Bc5 17. Nxa4 Bf2+ 18. Kd1 Qb5 19. b3 Ne3+ 20. Bxe3 Qe2+ 21. Kc1
Qxe3+ 22. Kb2 Qxe4 23. exd7+ Kxd7 24. Bxe4 Bd4+ 25. Kc2 Bxa1 26. Rxa1 Bb5 27.
Nc5+ Kd6 28. Nb7+ Ke5 29. Nc5 Kd4 30. b4 Ba4+ 31. Kd2 Rhe8 32. Re1 Rad8 33. Kc1
Bb5 34. Kb2 Bc4 35. Nb7 Rb8 36. Nc5 Rbd8 37. Nb7 Rb8 38. Nc5 1/2-1/2

[Event "Lliga Catalana eq. DH"]
[Site "?"]
[Date "2014.04.05"]
[Round "11.2"]
[White "Gual Pascual, A."]
[Black "Gonzalez Rodriguez, JA."]
[Result "1/2-1/2"]
[WhiteElo "2516"]
[BlackElo "2471"]
[PlyCount "51"]
[EventDate "2014.??.??"]
[EventType "team"]
[EventCountry "ESP"]

1. c4 Nf6 2. g3 c5 3. Bg2 Nc6 4. Nc3 b6 5. e4 e5 6. d3 Be7 7. Nge2 d6 8. Rb1
O-O 9. O-O Nd4 10. a3 Ne8 11. b4 Nc7 12. Be3 Bg4 13. f3 Bd7 14. Qd2 Rb8 15. b5
Qc8 16. a4 Bh3 17. f4 Bxg2 18. Kxg2 Nxe2 19. Qxe2 exf4 20. Bxf4 Qe6 21. Qd2 Bf6
22. h3 Qe7 23. h4 Bxc3 24. Qxc3 Ne6 25. Be3 Rfe8 26. a5 1/2-1/2

[Event "Lliga Catalana eq. DH"]
[Site "?"]
[Date "2014.04.05"]
[Round "11.2"]
[White "Hernando Rodrigo, JA."]
[Black "Torrecillas Martinez, A."]
[Result "1/2-1/2"]
[WhiteElo "2398"]
[BlackElo "2412"]
[PlyCount "32"]
[EventDate "2014.??.??"]
[EventType "team"]
[EventCountry "ESP"]

1. d4 Nf6 2. c4 g6 3. Nc3 d5 4. cxd5 Nxd5 5. e4 Nxc3 6. bxc3 Bg7 7. Nf3 c5 8.
Rb1 O-O 9. Be2 Nc6 10. d5 Bxc3+ 11. Bd2 Bxd2+ 12. Qxd2 Na5 13. h4 Bg4 14. Ng5
Bxe2 15. Kxe2 h6 16. h5 hxg5 1/2-1/2